Multi-Category Letter Board VII Quiz Stats

 Plays Quiz Updated Dec 1, 2017

Challenge
Share
Tweet
Score 0/26 Timer 06:00
6 Plays Today
% Correct
October
98.6%
November
98.3%
September
98%
Grumpy
94.7%
Happy
93.7%
Argentina
89.7%
Venezuela
89.7%
Uruguay
88.7%
Bashful
88.6%
Xenon
88.6%
Quartz
83.4%
Radon
83.2%
Diamond
80.2%
% Correct
Krypton
76.4%
Zsa Zsa
67.9%
Yahtzee
67.1%
Famine
65.7%
Eva
64.1%
War
63.8%
Pestilence
56.5%
Three of a Kind
50.2%
Islanders
49.9%
Jets
48.1%
Chance
39.7%
Lightning
34.7%
Magda
21.5%

You're not logged in!

Compare scores with friends on all Sporcle quizzes.
Join for Free
OR
Log In

You Might Also Like...

Show Comments

Extras

Top Quizzes Today


Score Distribution

Your Account Isn't Verified!

In order to create a playlist on Sporcle, you need to verify the email address you used during registration. Go to your Sporcle Settings to finish the process.

Report this User

Report this user for behavior that violates our Community Guidelines.

Details: